000 00581nam a2200241Ia 4500
003 OSt
005 20221005124308.0
006 a|||||r|||| 00| 0
007 ta
008 221004b |||||||| |||| 00| 0 eng d
024 _a59007
037 _cTextual
040 _aCRL
_cCRL
_beng
041 _2eng
_aeng
082 _aV2:25xM69, M8
100 _aBush Catherine
_9635000
245 0 _aMohandas Gandhi
260 _c1988
300 _a111p.
_ccm.
650 _aHISTORY
942 _hV2:25xM69, M8
_cTEXL
_2cc
999 _c1050048
_d1050048